الصحافة الإسرائيلية : (Record no. 14688)
[ view plain ]
| 000 -الفاتح | |
|---|---|
| حقل البيانات ثابتة الطول | 01204nam a22002537a 4500 |
| 008 - عناصر البيانات ثابتة الطول - معلومات عامة | |
| حقل البيانات ثابتة الطول | 100824s1991 xxu||||| |||| 00| 0 ara d |
| 020 ## - الرقم الدولى المعيارى للكتب | |
| الرقم الدولى المعيارى للكتاب | 977257067x |
| 082 ## - رقم تصنيف ديوى العشرى | |
| رقم الطبعة | 22 |
| رقم التصنيف | 070.1 |
| رقم المادة | ن ص ا |
| 100 1# - المدخل الرئيسى - إسم شخصى | |
| 9 (RLIN) | 17675 |
| الإسم الشخصى | نصار ، سهام |
| 245 ## - بيان العنوان | |
| العنوان | الصحافة الإسرائيلية : |
| بقية العنوان | والدعاية الصهيونية في مصر / |
| بيان المسئوليه,etc | سهام نصار |
| 260 ## - PUBLICATION, DISTRIBUTION, ETC. (IMPRINT) | |
| مكان الناشر او الموزع | القاهرة : |
| اسم الناشر او الموزع | الزهراء للإعلام العربي ، |
| تاريخ النشر أو التوزيع | 1991. |
| 300 ## - الوصف المادى | |
| التعداد | 451 ص ؛ |
| أبعاد الوعاء | 24 سم. |
| 504 ## - تبصرة ببليوجرافية | |
| تبصرة ببليوجرافية,الخ | يحتوى على إرجاعات ببليوجرافية |
| 541 ## - تبصرة المصدر المباشر للتزويد | |
| مصدر التزويد | ألف باء ؛ |
| طريقة التزويد | شراء ؛ |
| 650 ## - المدخل الاضافى بالموضوع-مصطلح موضوعى | |
| 9 (RLIN) | 14741 |
| مصطلح موضوعي أو اسم جغرافي كعنصر مدخل | الدعاية |
| 650 ## - المدخل الاضافى بالموضوع-مصطلح موضوعى | |
| 9 (RLIN) | 8345 |
| مصطلح موضوعي أو اسم جغرافي كعنصر مدخل | اليهودية |
| 650 ## - المدخل الاضافى بالموضوع-مصطلح موضوعى | |
| 9 (RLIN) | 13307 |
| مصطلح موضوعي أو اسم جغرافي كعنصر مدخل | الصهيونية |
| 650 ## - المدخل الاضافى بالموضوع-مصطلح موضوعى | |
| 9 (RLIN) | 17677 |
| مصطلح موضوعي أو اسم جغرافي كعنصر مدخل | الشخصية الإسرائيلية |
| 650 ## - المدخل الاضافى بالموضوع-مصطلح موضوعى | |
| 9 (RLIN) | 17678 |
| مصطلح موضوعي أو اسم جغرافي كعنصر مدخل | الصحافة اليهودية |
| 650 ## - المدخل الاضافى بالموضوع-مصطلح موضوعى | |
| 9 (RLIN) | 17679 |
| مصطلح موضوعي أو اسم جغرافي كعنصر مدخل | الدعاية الصهيونية |
| 942 ## - عناصر المدخل الإضافي( كوها) | |
| مصدر التصنيف او مخطط الترفيف | Dewey Decimal Classification |
| Koha [default] item type | Book - Borrowing |
| حالة التراجع | حالة الفقد | مصدر التصنيف او خطة الترفيف | حالة تلف | ليس للاعارة | مجموعات كوها | المكان الدائم | المكان الحالي | موقع الترفيف | تاريخ الاكتساب | Source of acquisition | رقم الاستدعاء | الباركود | Date last seen | مُعار | نوع الوعاء |
|---|---|---|---|---|---|---|---|---|---|---|---|---|---|---|---|
| Dewey Decimal Classification | Alef-Baa | Central Library | Central Library | Lower Floor | 24/08/2010 | 070.1 ن ص ا | 000021733 | 15/07/2025 | 26/09/2024 | Book - Borrowing | |||||
| Dewey Decimal Classification | Alef-Baa | Central Library | Central Library | Lower Floor | 24/08/2010 | 070.1 ن ص ا | 000021734 | 15/07/2025 | Book - Borrowing |